000 01296aam a2200361 i 4500
001 vtls000805854
003 PNM
005 20220622114217.0
008 160530s2019 my a jr 000 1 may
015 _aM16-14786
020 _a9789673643233
_qpaperback
_cRM29.90
039 9 _a201706131055
_bazura_a
_c201705290814
_droswati
_c201705290813
_droswati
_c201703310903
_draihan
040 _aBNM
_beng
_cBNM
_erda
_dPPAK
049 0 0 _amal
082 0 4 _a499.2386
_223
090 _a499.2386
_bSHA
_dK
100 0 _aShamsul Muzaffar,
_eauthor.
245 1 0 _aCERiTAKAN KiSAH SANG KANCIL! /
_cPenulis: Shamsul Muzaffar ; Editor: Nur Syafiqa Yusoff & Zainariah Abdul Wahab ; Konsep & Reka Bentuk: Syam Mujtabar
250 _aCetakan Semula 2019
264 1 _aKUALA LUMPUR :
_bEdukid Publication Sdn. Bhd.,
_c[2019?]
300 _a200 pages :
_bcolour illustrations ;
_c23 cm
336 _atext
_2rdacontent
336 _astill image
_2rdacontent
337 _aunmediated
_2rdamedia
338 _avolume
_2rdacarrier
650 1 0 _aMalay language
_vReaders
_vFiction
650 2 0 _aFolklore
_zMalaysia
650 2 0 _aFolk literature, Malay
700 0 _aNur Syafiqa Yusoff,
_d1987-
_eeditor.
700 0 _aZainariah Abdul Wahab,
_eeditor.
700 0 _aSyam Mujtabar,
_eillustrator.
942 _2ddc
_cB
999 _c180355
_d180355